Представление документа в формате RUSMARC

Поле Инд. ПП Название Значение
Тип записи a
Библиографический уровень a
001 Контрольный номер cc144fbf9b7240ad8993ffea648dbb86
005 Дата корректировки 20181124200616.9
100 a Данные общей обработки 20181112 ||| 0rusy0189 ca
101 0_ a Язык текста rus
102 a Страна публикации RU
200 1_ f Первые сведения об ответственности Н.Д. Потапова, А.В. Потапов
a Заглавие Электронный трудовой договор
b Общее обозначение материала Текст
210 d Дата издания 2017
461 _0 1 2000
a Закон и право
463 _0 1 2000
a №8
v С. 52-53
1 2101
d 2017
1 001c7cc9c8d1c534e92b9d81f95d3d3b441
606 a Основная рубрика Трудовое право
610 0_ a Ключевые слова ТРУДОВОЙ ДОГОВОР
a Ключевые слова ЭЛЕКТРОННЫЙ ДОКУМЕНТ
a Ключевые слова ИНФОРМАЦИОННО-КОММУНИКАЦИОННЫЕ ТЕХНОЛОГИИ
700 _1 a Фамилия Потапова
b Имя Н.Д.
701 _1 a Фамилия Потапов
b Имя А.В.
801 _0 a Страна RU
b Организация РГУП
c Дата составления 20181112
g Правила каталогизации PSBO
801 _1 a Страна RU
b Организация РГУП
c Дата составления 20181112
g Правила каталогизации PSBO
901 t Тип документа b
w Контрольный № источника c7cc9c8d1c534e92b9d81f95d3d3b441
905 a Дата ввода 20181112